Statistics for NCAA College Basketball Quiz

Click here to take the quiz!

General Stats

  • This quiz has been taken 5,687 times
  • The average score is 12 of 20

Answer Stats

Question Answer % Correct
What comes between Sweet Sixteen and Final Four?Elite Eight
96%
What is Kansas's team name?Jayhawks
82%
What was the nickname of Michigan's five freshman starters in 1992?Fab Five
81%
What school's team is known as the Demon Deacons?Wake Forest
75%
What school did Magic Johnson play for?Michigan State
75%
What school won the tournament as a #8 seed in 1985? (Hint: starts with V)Villanova
71%
What city is home to the University of North Carolina?Chapel Hill
70%
What enthusiastic announcer is known for screaming "It's March Madness, Baby"?Dick Vitale
66%
What UCLA point guard was the top high school player in 2016?Lonzo Ball
66%
What Kentucky standout won the Naismith Player of the Year award in 2012?Anthony Davis
65%
What chair-throwing coach led Indiana to three NCAA championships?Bobby Knight
60%
What coach won ten NCAA championships between 1964 and 1975?John Wooden
60%
What school did David Robinson play for in college?Navy
55%
Who was the only collegiate player on the 1992 Dream Team?Christian Laettner
51%
What N.C. State coach died of bone cancer at the age of 47 in 1993?Jim Valvano
51%
What was banned by the "Lew Alcindor" rule between 1967 and 1976?Dunking
46%
Who offered to pay a billion dollars to anyone who could perfectly predict the NCAA bracket?Warren Buffett
46%
Who averaged a record 44.2 points per game during his three years at LSU?Pete Maravich
40%
Who coached Tennessee to 8 women's NCAA championships?Pat Summitt
40%
What southwestern school won the 1966 championship with an all-black lineup?Texas Western
36%

Score Distribution

Percentile by Number Answered

Percent of People with Each Score

Your Score History

You have not taken this quiz